SOCIAL ENTREPRENEURSHIP NEW MODELS OF SU (Record no. 24291)

MARC details
000 -LEADER
fixed length control field 00342nam a2200133Ia 4500
008 - FIXED-LENGTH DATA ELEMENTS--GENERAL INFORMATION
fixed length control field 240624s9999 xx 000 0 und d
041 ## - LANGUAGE CODE
Language code of text/sound track or separate title eng
082 ## - DEWEY DECIMAL CLASSIFICATION NUMBER
Classification number 658.421 NIC
100 ## - MAIN ENTRY--PERSONAL NAME
Personal name NICHOLLS ALEX
245 ## - TITLE STATEMENT
Title SOCIAL ENTREPRENEURSHIP NEW MODELS OF SU
260 ## - PUBLICATION, DISTRIBUTION, ETC.
Date of publication, distribution, etc. 2008
Place of publication, distribution, etc. UK
Name of publisher, distributor, etc. Oxford University Press
300 ## - PHYSICAL DESCRIPTION
Extent 504 : p.
365 ## - TRADE PRICE
Currency code BPS
Price amount 29
Holdings
Withdrawn status Lost status Damaged status Not for loan Home library Current library Shelving location Date acquired Source of acquisition Cost, normal purchase price Full call number Barcode Date last seen Copy number Price effective from Koha item type
        IMTN IMTN Rack 32-A 06/09/2015 MB 25.99 658.421 NIC 24291 06/24/2024 104.5 06/24/2024 Books
Designed & Maintained by: LRC IMT Nagpur Contact: lrc@imtnag.ac.in© 2024. All Rights Reserved.